000 00476nam a2200181Ia 4500
003 GCL
008 140319s9999 xx 000 0 ara d
040 _aGCL /
_cGCL
082 0 4 _a818
_bع ن
100 1 _aعبدالوهاب مطاوع
245 1 0 _aنهر الحياة /
_cعبدالوهاب مطاوع
300 _a262 ص
490 _a
650 0 4 _aالقصص العربية
650 0 4 _aالمقالات
650 0 4 _aالقصة العربية
942 _2ddc
_cBK
999 _c39270
_d39270